000 00929nas a2200301 4500
001 BR2013000061
003 BR-BrBNA
005 20231205121742.0
007 ta
008 230509b bl.|||p| |||| 00| 00por d
040 _aBR-BrBNA
_bpor
_cBiblioteca Nacional de Agricultura
041 _a(Pt)
072 _aH60
100 1 _aSilva, R.M.G. da
100 1 _aSantos, V.H.M. dos
100 1 _aDaneluzzi, G.S.
100 1 _aSilva, L.P.
245 1 _aPotencial alelopático de Pyrostegia venusta (Bignoniaceae)sobre a germinação e crescimento radicular de couve-da-Malásia
650 _aREPOLHO CHINES
650 _aBRASSICA
650 _aALELOPATIA
650 _aFITOTOXICIDADE
650 _aHERBICIDA
650 _aGERMINAÇÃO
773 0 _tRevista de Agricultura (Brazil)
_xISSN 0034-7655
_g(Dec 2012), v. 87(3) p. 139-150
_wBR2013000061
909 _a202311
_bLúcia
_c55
_dLúcia Elande
942 _2AGRIS
_n0
_cANA
999 _c225058
_d225058